[Event "Muensterland Verbandsliga 1213"]
[Site "Germany"]
[Date "2012.09.22"]
[Round "1.2"]
[White "Ringwelski, Marius"]
[Black "Bruemmer, Frank"]
[Result "1/2-1/2"]
[WhiteElo "2003"]
[BlackElo "2169"]
[PlyCount "30"]
[EventDate "2012.09.22"]
[EventType "team-tourn"]
[EventRounds "9"]
[EventCountry "GER"]
[SourceTitle "EXT 2015"]
[Source "ChessBase"]
[SourceDate "2014.11.20"]
[SourceVersion "1"]
[SourceVersionDate "2014.11.20"]
[SourceQuality "1"]
[WhiteTeam "Sendenhorst"]
[BlackTeam "Rheine Klein Berlin"]
[WhiteTeamCountry "GER"]
[BlackTeamCountry "GER"]

1. d4 d5 2. c4 e6 3. Nf3 c6 4. e3 f5 5. Bd3 Nf6 6. 0-0 Bd6 7. b3 Qe7 8. Bb2 0-0 9. Qc1 Ne4 10. Ba3 Nd7 11. Bxd6 Qxd6 12. Qb2 b6 13. Ne5 Nxe5 14. dxe5 Qe7 15. b4 Ba6 1/2-1/2

[Event "NRW Class1 1112"]
[Site "Germany"]
[Date "2012.04.29"]
[Round "9.2"]
[White "Mantler, Hendrik"]
[Black "Bruemmer, Frank"]
[Result "0-1"]
[WhiteElo "2144"]
[BlackElo "2171"]
[PlyCount "64"]
[EventDate "2011.09.18"]
[EventType "team-tourn"]
[EventRounds "9"]
[EventCountry "GER"]
[SourceTitle "EXT 2015"]
[Source "ChessBase"]
[SourceDate "2014.11.20"]
[SourceVersion "1"]
[SourceVersionDate "2014.11.20"]
[SourceQuality "1"]
[WhiteTeam "Elberfeld"]
[BlackTeam "Rheine Klein Berlin"]
[WhiteTeamCountry "GER"]
[BlackTeamCountry "GER"]

1. e4 e6 2. d4 d5 3. e5 c5 4. c3 Nc6 5. Nf3 Bd7 6. Bd3 cxd4 7. cxd4 Qb6 8. Nbd2 Nb4 9. Be2 Rc8 10. 0-0 Nc2 11. Rb1 Nxd4 12. Nxd4 Qxd4 13. Qb3 Qxe5 14. Bb5 Qc7 15. Bd3 Bd6 16. Nf3 Ne7 17. Re1 e5 18. Bb5 e4 19. Nd4 Bxh2+ 20. Kh1 Be5 21. Nf5 Nxf5 22. Qxd5 Bxb5 23. Qxb5+ Kf8 24. Bd2 a6 25. Qd5 Qd6 26. Qxe4 Qxd2 27. Qxf5 Qh6+ 28. Kg1 Qh2+ 29. Kf1 Re8 30. Re3 g6 31. Qc2 Kg7 32. Rbe1 Qh1+ 0-1

[Event "NRW Class2 1011"]
[Site "Germany"]
[Date "2011.03.13"]
[Round "8.3"]
[White "Van Beek, Alexander"]
[Black "Bruemmer, Frank"]
[Result "0-1"]
[WhiteElo "2337"]
[BlackElo "2253"]
[PlyCount "96"]
[EventDate "2010.09.26"]
[EventType "team-tourn"]
[EventRounds "9"]
[EventCountry "GER"]
[SourceTitle "EXT 2012"]
[Source "ChessBase"]
[SourceDate "2011.11.24"]
[SourceVersion "1"]
[SourceVersionDate "2011.11.24"]
[SourceQuality "1"]
[WhiteTeam "Erkenschwick"]
[BlackTeam "Rheine Klein Berlin"]
[WhiteTeamCountry "GER"]
[BlackTeamCountry "GER"]

1. d4 d5 2. c4 e6 3. Nf3 c6 4. Nc3 dxc4 5. a4 Bb4 6. e3 b5 7. Bd2 a5 8. axb5 Bxc3 9. Bxc3 cxb5 10. b3 Bb7 11. bxc4 b4 12. Bb2 Nf6 13. Bd3 Nbd7 14. 0-0 0-0 15. Nd2 Qc7 16. f4 a4 17. Rb1 Rfb8 18. e4 Nf8 19. f5 a3 20. Ba1 Ba6 21. Rb3 exf5 22. Rxf5 Bc8 23. Rf1 Bd7 24. e5 Ne8 25. Qh5 Ba4 26. Bxh7+ Nxh7 27. Rff3 Bxb3 28. Rxb3 Ra6 29. Qe2 Rg6 30. d5 Qc5+ 31. Kh1 Rc8 32. Rd3 Nf8 33. Bd4 Qa5 34. c5 Qb5 35. Nb3 Qc4 36. Ba1 Rg4 37. Qd1 Qe4 38. Rd2 Rd8 39. d6 Ne6 40. c6 Nxd6 41. c7 Nxc7 42. Nc5 Qf5 43. g3 Rc4 44. Nb3 Nb7 45. Rxd8+ Nxd8 46. Qxd8+ Kh7 47. Nd2 Ne6 48. Qh4+ Rxh4 0-1

[Event "NRW Class2 1011"]
[Site "Germany"]
[Date "2010.10.24"]
[Round "2.3"]
[White "Bruemmer, Frank"]
[Black "Perschke, Ulrich"]
[Result "1/2-1/2"]
[WhiteElo "2253"]
[BlackElo "2175"]
[PlyCount "39"]
[EventDate "2010.09.26"]
[EventType "team-tourn"]
[EventRounds "9"]
[EventCountry "GER"]
[SourceTitle "EXT 2012"]
[Source "ChessBase"]
[SourceDate "2011.11.24"]
[SourceVersion "1"]
[SourceVersionDate "2011.11.24"]
[SourceQuality "1"]
[WhiteTeam "Rheine Klein Berlin"]
[BlackTeam "Mettmann Sport"]
[WhiteTeamCountry "GER"]
[BlackTeamCountry "GER"]

1. d4 Nf6 2. Nf3 g6 3. Nc3 d5 4. Bf4 Bg7 5. Qd2 Ne4 6. Qe3 c5 7. Be5 f6 8. Bxb8 Rxb8 9. Nxe4 dxe4 10. Qxe4 Bf5 11. Qf4 Bxc2 12. dxc5 f5 13. Qc4 Be4 14. Rd1 Qa5+ 15. b4 Qa3 16. Nd4 Bd5 17. Qxd5 Qc3+ 18. Rd2 Qc1+ 19. Rd1 Qc3+ 20. Rd2 1/2-1/2

[Event "Oberhausen op"]
[Site "Oberhausen"]
[Date "2010.04.04"]
[Round "5"]
[White "Michalczak, Thomas"]
[Black "Bruemmer, Frank"]
[Result "1/2-1/2"]
[WhiteElo "2363"]
[BlackElo "2259"]
[PlyCount "95"]
[EventDate "2010.04.01"]
[EventType "swiss"]
[EventRounds "7"]
[EventCountry "GER"]
[SourceTitle "CBM 135 Extra"]
[Source "ChessBase"]
[SourceDate "2010.05.04"]
[SourceVersion "1"]
[SourceVersionDate "2010.05.04"]
[SourceQuality "1"]

1. e4 e6 2. d4 d5 3. Nc3 Nf6 4. e5 Nfd7 5. f4 c5 6. Nf3 Nc6 7. Be3 Be7 8. Qd2 0-0 9. Be2 a6 10. 0-0 b5 11. a3 Qc7 12. Rad1 Bb7 13. Qe1 cxd4 14. Nxd4 Nxd4 15. Bxd4 Bc5 16. Qf2 f6 17. exf6 Rxf6 18. Bxc5 Nxc5 19. Qe3 Raf8 20. Bg4 Rxf4 21. Bxe6+ Nxe6 22. Qxe6+ Kh8 23. Rxf4 Qxf4 24. Qb6 h6 25. Qd4 Qg5 26. b3 Rf4 27. Qb6 Rf7 28. Qd4 Rf4 29. Qd2 Qf5 30. Ne2 Rg4 31. Nd4 Qg6 32. Qf2 Qd6 33. b4 Re4 34. Rf1 Qe5 35. c3 Re3 36. Rc1 Kh7 37. Qc2+ Kg8 38. Qd2 Re4 39. Rf1 Bc8 40. Nf3 Qd6 41. Re1 Bf5 42. Rxe4 Bxe4 43. Nd4 Qg6 44. h3 Kh7 45. Kh2 Qd6+ 46. Kg1 Qg6 47. Kh2 Qd6+ 48. Kg1 1/2-1/2